000 00518cam a2200217 4500
001 B2042
008 090401t1988 xxu||||| |||| 00| 0 eng d
035 _a(Sirsi) u47768
041 _aeng
050 _a333.337094212
110 _aChesterton
_92357
245 _aInvestment in City offices 1988
260 _aLondon
_bChesterton
_c1988
300 _a12p. : ill. ; 30cm.
350 _a4
650 _aCITY OF LONDON
650 _aLONDON
650 _aPROPERTY INVESTMENT
942 _n0
948 _c04/03/1997
999 _c92194
_d92194